| 000 | 00905nam a22003133 4500 | ||
|---|---|---|---|
| 001 | 22426 | ||
| 003 | SK-KTurca | ||
| 005 | 20260328104959.0 | ||
| 008 | 260325s2025 xo g 000 f slo d | ||
| 020 |
_a9788081644382 _q(viazané) |
||
| 035 | _aa000785460 | ||
| 040 |
_aUKB _bslo _dUKB _erda |
||
| 041 | 1 |
_aslo _heng |
|
| 044 |
_axo _cSK |
||
| 100 | 1 |
_aMcFadden, Freida, _d1980- _4aut |
|
| 240 | 1 | 0 |
_aDear Debbie. _lSlovensky |
| 245 | 1 | 0 |
_aMilá Debbie _cFreida McFadden ; preložila: Dorota Lamačková |
| 250 | _aVydanie prvé | ||
| 264 | 1 |
_aBratislava _bMotýľ _c2025 |
|
| 300 | _a334 strán | ||
| 336 |
_atext _btxt _2rdacontent |
||
| 337 |
_abez média _bn _2rdamedia |
||
| 338 |
_azväzok _bnc _2rdacarrier |
||
| 500 | _aPreložené z angličtiny | ||
| 600 | _2McFadden, Freida, | ||
| 700 | 1 |
_aLamačková, Dorota _4trl |
|
| 700 | 1 |
_aOndrovičová, Zuzana _4bjd _4bkd |
|
| 942 |
_2ddc _cKLDO _n0 |
||
| 999 |
_c22426 _d22426 |
||